000 02198cab a2200205 4500
001 L130347
008 050718n2005 000 0 eng u
035 _a(Sirsi) u130347
041 _aeng
245 _aAmec Civil Engineering Ltd v SoS Transport
260 _c2005
490 _aWeekly Law Reports
_v[2005] 1 wLR 2339-2364(25)
520 _a[2005] EWCA Civ 291,17 March 2005. Discusses a dispute regarding an arbitrator's ruling under clause 66 of the ICE conditions of contract. Amec (A) had appealed against a decision upholding an arbitrator's ruling that the respondent secretary of state (S) had given a valid notice of arbitration under the contract which the parties had entered into. A had been engaged by the secretary of state to carry out major renovation works to a viaduct under ICE conditions of contract but 6 months before the six year limitation period expired, structural deficiencies in the viaduct became apparent. The faults were found to be due to defective roller bearing designed by A and adopted by the engineers under the contract, Pell Frischmann (P). P decided that A had supplied roller bearings not in accordance with the contract and consequently S took A to arbitration. A argued that no dispute had existed that was capable of being referred to P under clause 66, so that there was no valid engineer's decision and nothing capable of being referred to arbitration and that P's decision was unfair. "Held": clause 66 referred to a dispute or difference and could not be construed rigidly in law, therefore allowing S to start timely arbitration proceedings. With regards to fairness, an engineer, giving a decision under clause 66, had to act independently and honestly but he did not have to comply with the rules of natural justice.
590 _aIKA190705
650 _aAMEC CIVIL ENGINEERING LTD V SOS TRANSPORT
650 _aCOLLINS (CONTRACTORS) LTD V BALTIC QUAY MANAGEMENT (1994) LTD
690 _aMANAGEMENT-DISPUTE AVOIDANCE, MANAGEMENT AND RESOLUTION
856 _uhttps://www.bailii.org/cgi-bin/markup.cgi?doc=/ew/cases/EWCA/Civ/2005/291.html&query=amec+transport&method=all
_zView the item free of charge at www.bailii.org...
942 _n0
999 _c75571
_d75571